Представление документа в формате MARC21

Поле Инд. ПП Название Значение
Тип записи a
Библиографический уровень m
001 Контрольный номер e6883853d36440c994727faed05e44a4
005 Дата корректировки 20260608103957.6
040 a Служба первич. каталог. 10013504
b Код языка каталог. rus
e Правила каталог. PSBO
041 0_ a Код языка текста rus
084 a Индекс другой классификации/Индекс ББК доп.
090 a Полочн. индекс А181
x Авторский знак К 557
r Идентификатор организации 10013504
100 1_ a Автор Кобцев А.Н.
245 10 a Заглавие Конструкционное демпфирование колебаний крыла самолета
b Продолж. заглавия автореферат диссертации ... кандидата технических наук : специальность 05.212 - Строительная механика и прочность летательных аппаратов
c Ответственность науч. рук. Г.И. Страхов, В.К. Логинов; Рижский институт инженеров гражданской авиации им.Ленинского комсомола
260 a Место издания Рига
c Дата издания 1972
300 a Объем 12 с.
b Иллюстрации/ тип воспроизводства ил.
653 0_ a Ключевые слова АВТОРЕФЕРАТЫ
700 12 a Другие авторы Страхов Г.И.
e Роль лиц Научный руководитель
a Другие авторы Логинов В.К.
e Роль лиц Научный руководитель
901 t Тип документа r
952 d Специальность 05.212 Строительная механика и прочность летательных аппаратов
a Тип литературы для КСУ ВШ БАНР
c Вид литературы автореферат